000
00310nam a22001337a 4500
008
181023b xxu||||| |||| 00| 0 eng d
020
_a
0333241037
041
_a
eng
080
_a
371
100
_a
46
101
_a
EDU
245
_a
The Development of Writing Abilities (11-18)
_c
Britton,J
942
_2
udc
_c
BK
999
_c
50689
_d
50689